03784nam a2200337 a 4500001001000000003000900010005001700019008003200036020001800068040002500086082002700111100003700138245012800175246004100303260004500344300002100389490003000410500007300440505246900513590002602982650004403008650002503052650005603077650005703133650003003190700003503220910004103255942001203296952012103308999001703429000037743DO-SdBNP20230505103240.0130305s2012 dr 000 0 spa d a9789993446170 aDO-SdBNPbspacBPMSU 4a801.93bR789b 20122221 aRosario Candelier, Bruno,d1941-13aLa belleza y el sentido :bteoría de la creación literaria /cBruno Rosario Candelier ; editor José Enrique García 13aTeoría de la creación literaria  aSanto Domingo :b Ateneo Insular,c2012. a488 p. ;c24 cm.0 aPor las amenas liras,v13 aIncluye datos biográficos del autor en las solapas de la cubierta. aLa energía interior de la conciencia, 9.-- Teoría de la creación. La imagen y el concepto en la gestación de la creación, 15.-- Expresión de la belleza y el sentido. La belleza de la forma y el concepto, 29.-- Realidad, intuición y creatividad. Lenguaje, conciencia y sabiduría, 37.-- La dimensión intelectual y estética en el proceso de la creación, 47.-- La forma y el sentido en el proceso de la creación, 55.-- Dimensión conceptual y estética en la creación literaria, 61.-- Factores espirituales y estéticos en la gestación de la creación, 73.-- La dimensión lingüística y literaria en el arte de la creación verbal, 87.-- Cotidianidad y trascendencia en la creación literaria, 93.-- Intuición, inspiración y creación. Impulso y energía creadora, 105.-- Intuición, inspiración y revelación. El desarrollo del talento creador, 113.-- Intuición y reflexión en el proceso de la creación, 125.-- La intuición y la sensibilidad en el arte de la creación, 133.-- Vertientes de la creatividad en la obra de creación, 149.-- La intuición de la belleza en el proceso de la creación, 161.-- La intuición del sentido en el proceso de la creación, 175.-- La revelación del numen en la conciencia y la creación, 185.-- La belleza y el sentido en la gestación de la creación, 191.-- Impulso de la creación y energía de la creatividad, 203.-- Voz personal y voz universal en el arte de la creación, 211.-- Vertiente emotiva y conceptual de la creación literaria, 223.-- La emoción estética en el proceso de la creación, 233.-- El aliento conceptual y estético en el proceso de la creación, 239.-- La voz interior y la voz universal en la creación literaria, 249.-- La voz de la revelación en la obra de creación, 261.-- Estudios literarios. Estirpe de la palabra inspiradora. La poesía de Hugo Tolentino Dipp, 275.-- Emoción estética y aliento reflexivo en la poesía de Pedro José Gris, 285.-- Conciencia espiritual y estética de Guillermo Pérez Castillo, 293.-- La imaginación metafísica en la lírica de Pedro Ovalles, 303.-- La pasión amorosa y estética en la lírica de Carmen Comprés, 315.-- La conexión cósmica en la lírica de Conny Palacios, 327.-- Fundamento estético del interiorismo. Conciencia, interioridad y creación, 347.-- Cartas y correos literarios. Temas interioristas y literarios, 375.-- Conclusión, 479. aInventariado, 2023/VM 4aCreación literaria, artística, etc. 4aFilosofía del arte 4aLiteratura dominicanaxCrítica e interpretación 4aMovimientos literariosyCrítica e interpretación 4aLiteratura vEnseñanza.1 aEnrique García, José eed. aVMateo V. Control de calidad (BPMSU) 2ddccBK 00102ddc40708CDaBPMETbBPMETd2023-05-05oBPMSU CD 801.93 R789b 2012pBPMSU23050007r2023-05-05w2023-05-05yBK c14390d14390